[Event "FRA-ch Blitz Online Qual"]
[White "Moeller, Joshua"]
[Black "Sallette, Alain"]
[Site "Europe Echecs INT"]
[Round "2"]
[Result "1-0"]
[Date "2020.05.16"]
[WhiteElo "1469"]
[BlackElo "1831"]
[PlyCount "59"]
[EventDate "2020.05.16"]
[EventType "swiss (blitz)"]
[EventRounds "15"]
[EventCountry "FRA"]
[SourceTitle "CBM 196 Extra"]
[Source "ChessBase"]
[SourceDate "2020.07.31"]
[SourceVersion "1"]
[SourceVersionDate "2020.07.31"]
[SourceQuality "1"]

1. d4 Nf6 2. c4 g6 3. Nc3 Bg7 4. e4 d6 5. Nf3 0-0 6. Be2 e5 7. dxe5 dxe5 8. Qxd8 Rxd8 9. Bg5 Nc6 10. Nd5 Rd6 11. c5 Re6 12. Nxc7 Nxe4 13. Nxe6 fxe6 14. Be3 b6 15. cxb6 axb6 16. 0-0 Bb7 17. Bxb6 Ra6 18. Bxa6 Bxa6 19. Rfe1 Nd6 20. Bc7 Nc4 21. b3 e4 22. bxc4 Bxa1 23. Rxe4 Bc8 24. Be5 h6 25. Bxa1 Kf7 26. Rf4+ Ke7 27. c5 e5 28. Nxe5 Nxe5 29. Bxe5 Ke6 30. Bd6 1-0

[Event "FRA-ch Blitz Online Qual"]
[White "Sallette, Alain"]
[Black "Le Cainec, Erwan"]
[Site "Europe Echecs INT"]
[Round "9"]
[Result "1-0"]
[Date "2020.05.16"]
[WhiteElo "1831"]
[BlackElo "1052"]
[PlyCount "97"]
[EventDate "2020.05.16"]
[EventType "swiss (blitz)"]
[EventRounds "15"]
[EventCountry "FRA"]
[SourceTitle "CBM 196 Extra"]
[Source "ChessBase"]
[SourceDate "2020.07.31"]
[SourceVersion "1"]
[SourceVersionDate "2020.07.31"]
[SourceQuality "1"]

1. d4 d5 2. Bf4 g6 3. e3 Bg7 4. c3 Nf6 5. Bd3 0-0 6. Ne2 Ne4 7. Bxe4 dxe4 8. Nd2 Nc6 9. Nxe4 Qd5 10. N2g3 Bf5 11. Qf3 Qc4 12. Nd2 Qd3 13. Qe2 Qc2 14. 0-0 Qxb2 15. e4 Bd7 16. Qd3 Nxd4 17. cxd4 Bxd4 18. Rfb1 Qc3 19. Qe2 a6 20. Rc1 Qa5 21. Bxc7 Qa3 22. Nc4 Qa4 23. Nb6 Qb4 24. Nxd7 Bxa1 25. Rxa1 Qb5 26. Nxf8 Qxe2 27. Nxe2 Kxf8 28. Rd1 Rc8 29. Rd8+ Rxd8 30. Bxd8 Kg7 31. Bxe7 b5 32. e5 a5 33. Nd4 b4 34. Kf1 a4 35. Ke2 f6 36. exf6+ Kf7 37. Bxb4 Kxf6 38. Ke3 h6 39. Ke4 g5 40. g3 h5 41. f4 gxf4 42. gxf4 h4 43. Bd6 h3 44. Be5+ Ke7 45. Kf3 Kf7 46. Kg4 Kg6 47. Kxh3 Kh5 48. Kg3 Kg6 49. Kg4 1-0

[Event "FRA-chT2A 0506"]
[White "Sallette, Alain"]
[Black "Aurin, Manuel"]
[Site "France"]
[Round "9.8"]
[Result "0-1"]
[Date "2006.03.12"]
[WhiteElo "1980"]
[BlackElo "2030"]
[PlyCount "64"]
[EventDate "2005.10.27"]
[EventType "team-tourn"]
[EventRounds "11"]
[EventCountry "FRA"]
[SourceTitle "EXT 2006"]
[Source "ChessBase"]
[SourceDate "2005.11.24"]
[SourceVersion "1"]
[SourceVersionDate "2005.11.24"]
[SourceQuality "1"]
[WhiteTeam "Bordeaux ASPOM"]
[BlackTeam "Rennes Paul Bert"]
[WhiteTeamCountry "FRA"]
[BlackTeamCountry "FRA"]

1. d4 e6 2. Nf3 Nf6 3. c4 d5 4. Nc3 Bb4 5. a3 Bxc3+ 6. bxc3 Ne4 7. Qc2 c5 8. e3 Qa5 9. Bd2 Nd7 10. Bd3 Ndf6 11. 0-0 0-0 12. Be1 Nd6 13. Ne5 dxc4 14. Nxc4 Nxc4 15. Bxc4 b5 16. Be2 c4 17. e4 Bb7 18. f3 Qc7 19. Bg3 Qc6 20. Bf2 Nd7 21. a4 a6 22. Rfb1 Nb6 23. Qb2 Nxa4 24. Rxa4 bxa4 25. Qxb7 Qxb7 26. Rxb7 Rfb8 27. Rxb8+ Rxb8 28. d5 Rb1+ 29. Bf1 a3 30. d6 a2 31. d7 Rxf1+ 32. Kxf1 a1Q+ 0-1